Score 0/12 Timer 01:30
0 Plays Today
Hint 4-Letter Word % Correct
Act like Katie Ledecky, perhapsSWIM
96.7%
Footware shape of ItalyBOOT
92.7%
Location to act like Katie LedeckyPOOL
91%
Dalmatian name?SPOT
90.8%
Expel salivaSPIT
90.3%
Horseback sportPOLO
89%
Chimney residueSOOT
88.7%
Ask a group of people a targeted questionPOLL
86.8%
Comedic routineSKIT
84.9%
Milk typeSKIM
82.6%
John Travolta's Disney characterBOLT
80.4%
Western tieBOLO
77.9%

Today's Daily Dose

Missing Word
'T' Pairs

Word Ladder
Game Pieces

Get the Picture
Baseball Movies

Remove Ads.
Support Sporcle.
Get the best of Sporcle when you Go Orange. This ad-free experience offers more features, more stats, and more fun while also helping to support Sporcle. Thank you for becoming a member.

You're not logged in!

Compare scores with friends on all Sporcle quizzes.
OR
Log In

Show Comments

Extras

Top Quizzes Today


Score Distribution

Your Account Isn't Verified!

In order to create a playlist on Sporcle, you need to verify the email address you used during registration. Go to your Sporcle Settings to finish the process.

Report this User

Report this user for behavior that violates our Community Guidelines.

Details: